Capital Cities in Sri Jayawardenepura - Statistics

General Stats
  • This quiz has been taken 74 times
  • The average score is 12 of 16
Answer Stats
Hint Answer % Correct
S San José /San Marino /San Salvador/ Sanaá/ Santiago /Santo Domingo /Sarajevo/ Seoul /Singapore /Skopje/ Sofia /South Tarawa/ Sri Jayawardenepura /St. George's/ St. John's /Stockholm /Suva /São Tomé
91%
R Rabat /Reykjavík/ Riga /Riyadh/ Rome/ Roseau
89%
R Rabat /Reykjavík /Riga /Riyadh/ Rome/ Roseau
89%
R Rabat /Reykjavík/ Riga /Riyadh/ Rome/ Roseau
89%
W Warsaw /Washington, D.C. /Wellington /Windhoek
80%
A Abu Dhabi /Abuja /Accra/ Addis Ababa /Algiers /Amman /Amsterdam /Andorra La Vella /Ankara /Antananarivo /Apia /Ashgabat /Asmara /Astana /Asunción/ Athens
78%
A Abu Dhabi /Abuja /Accra/ Addis Ababa /Algiers /Amman /Amsterdam /Andorra La Vella /Ankara /Antananarivo /Apia /Ashgabat /Asmara /Astana /Asunción/ Athens
78%
A Abu Dhabi /Abuja /Accra/ Addis Ababa /Algiers /Amman /Amsterdam /Andorra La Vella /Ankara /Antananarivo /Apia /Ashgabat /Asmara /Astana /Asunción/ Athens
78%
A Abu Dhabi /Abuja /Accra/ Addis Ababa /Algiers /Amman /Amsterdam /Andorra La Vella /Ankara /Antananarivo /Apia /Ashgabat /Asmara /Astana /Asunción/ Athens
78%
P Palikir /Panama City /Paramaribo/ Paris /Phnom Penh /Podgorica /Port Louis /Port Moresby /Port Of Spain/ Port Vila /Port-au-Prince /Porto-Novo/ Prague /Praia /Pretoria /Pyongyang
75%
J Jakarta /Jerusalem/Juba
69%
N N'djamena /Nairobi /Nassau /Naypyidaw /New Delhi /Niamey /Nicosia /Nouakchott/Nukuʻalofa
69%
D Dakar /Damascus /Dhaka/ Dili /Djibouti /Dodoma /Doha /Dublin /Dushanbe
65%
Y Yamoussoukro /Yaoundé /Yaren/ Yerevan
62%
I Islamabad
56%
U Ulaanbaatar
49%
No matching quizzes found
Score Distribution
Percent of People with Each Score
Percentile by Number Answered
Your Score History
You have not taken this quiz